Výtvarná príprava pre 1. a 2. ročník strednej umeleckopriemyselnej školy

Bibliographic Details
Main Authors: Bartko, Ondrej (Author), Fila, Rudolf, 1932-2015 (Author), Reištetterová, Zlatica (Author)
Other Authors: Blažo, Pavel, 1943- (Cover designer)
Format: Book
Language:Slovak
PhysicalDescription:218 s., 50,46 AH Ilustr. 34 cm
Published: Bratislava Slovenské pedagogické nakladateľstvo 1986
Edition:1. vyd.
Subjects:

MARC

LEADER 00000nam a2200000 a 4500
001 vtls001083758
003 SK-MaSNL
005 20260301062320.0
008 250414s1986 xo a 0 000 slo
015 |a SNBA1987/03 
035 |a SNK000026596 
040 |a SNK  |b slo  |c SNK  |e AACR2 
041 |a slo 
044 |a xo  |c SK 
080 |a 73/76(075.3)  |2 2001 
100 1 |a Bartko, Ondrej  |4 aut  |9 327997 
245 1 0 |a Výtvarná príprava pre 1. a 2. ročník strednej umeleckopriemyselnej školy  |c Ondrej Bartko, Rudolf Fila, Zlatica Reištetterová ; grafická úprava, prebal a väzba Pavol Blažo 
250 |a 1. vyd. 
260 |a Bratislava  |b Slovenské pedagogické nakladateľstvo  |c 1986  |e Martin  |f Tlačiarne SNP 
300 |a 218 s., 50,46 AH  |b Ilustr.  |c 34 cm 
366 |e 10000 výtl. 
500 |a Lit. 55. Fot. na rozlož. tit. liste. Slovníček cudzích výrazov. 55 zázn. v slov., češ., angl. a nem. 
650 0 7 |a výtvarná výchova  |2 SNKPH  |9 2777 
655 7 |a učebnice stredných škôl  |2 SNKPH  |9 69323 
700 1 |a Fila, Rudolf,  |d 1932-2015  |4 aut  |9 98800 
700 1 |a Reištetterová, Zlatica  |4 aut  |9 369137 
700 1 |a Blažo, Pavel,  |d 1943-  |4 bdd  |4 cov  |4 bkd  |9 247297 
852 |a Slovenská národná knižnica 
958 |a OND 
958 |a UC 
958 |a TL 
958 |a NB 
999 |c 620201  |d 622131 
952 |a SNK  |b SNK  |y VYP  |7 0  |p 17A0007324  |o snkSB 41264 D1  |i snkKSP 513/87  |3 poškodená - popísaná, str.201 postrihaná, poškodená väzba  |0 0  |1 0  |4 0  |d 1996-09-18  |l 0  |r 2004-12-31 00:00:00  |w 2026-02-23 
952 |t P60, <03>, [BOOK], {603}  |a SNK  |b SNK  |y PREZ  |7 0  |p 17A0233228  |o snkSB 41264  |0 0  |1 0  |4 0  |d 2000-03-24  |f 1  |l 0  |r 2025-04-28 00:00:00  |w 2026-02-23 
952 |a SNKLM  |b SNKLM  |y NEVYP  |7 0  |o snklmKK 528  |i snklm429/2001  |8 7  |0 0  |1 0  |4 0  |d 2006-04-11  |l 0  |r 2026-02-23 16:53:00  |w 2026-02-23